Portimonense Sporting Clube (Registo nº 1584)

Detalhes MARC
000 -Etiqueta do registo
Cabeçalho 01018nam0a2200277 4500
005 - Identificador da versão
Campo de controlo 20240813121840.0
021 ## - Número do Depósito Legal
Código do país PT
Número 197110/03
003 - Persistent Record Identifier
control field http://porbase.bnportugal.pt/ipac20/ipac.jsp?profile=bn&uri=full=3100024~!1227183~!0
100 ## - Dados gerais de processamento
Dados gerais de processamento 20160707d2003 m y0pory5003 ba
102 ## - Pais de publicação ou produção
País de publicação Portugal
101 0# - Língua de publicação
Língua do texto, banda sonora, etc. Português
215 ## - Descrição física 
Indicação específica da natureza do documento e extensão da espécie 197, [2] p.
Outras indicações físicas fot
200 1# - Titulo e menção de responsabilidade
Título próprio Portimonense Sporting Clube
Informação de outro título 1914-2002, 89 anos de história
Primeira menção de responsabilidade textos Armando Alves
Outras menções de responsabilidade il. Niza Paiva, Vasco Célio e Virgílio Rodrigues
210 ## - Publicação, Distribuição, etc. 
Lugar da edição, distribuição, etc. [Portimão
Nome do editor, distribuidor, etc. Portimonense Sporting Clube]
Data da publicação, distribuição, etc. D.L. 2003
606 ## - Nome comum usado como assunto
Número de registo de entrada de autoridade 0003090
Palavra de ordem Portimonense Sporting Clube
Código do sistema CA
675 ## - Classificação Decimal Universal (CDU)
Notação 796.33(469.601)"1914/2003"
Edição 3ª ed.
Língua da edição por
Notação 061.237(469.601)"1914/2003"
Edição 3ª ed.
Língua da edição por
702 #1 - Nome de autor-pessoa física (responsabilidade secundária)
Número de registo de entrada de autoridade 0003091
Palavra de ordem Paiva
Outra parte do nome não tomada para palavra de ordem Niza
Código de função Ilustrador / Técnico de desenho computorizado
Número de registo de entrada de autoridade 0003092
Palavra de ordem Célio
Outra parte do nome não tomada para palavra de ordem Vasco
Código de função Ilustrador / Técnico de desenho computorizado
Número de registo de entrada de autoridade 0003093
Palavra de ordem Rodrigues
Outra parte do nome não tomada para palavra de ordem Virgílio
Código de função Ilustrador / Técnico de desenho computorizado
700 #1 - Nome de autor-pessoa física (responsabilidade principal)
Número de registo de entrada de autoridade 0002061
Palavra de ordem Alves
Outra parte do nome não tomada para palavra de ordem Armando
966 ## - Identificação da Biblioteca
Sigla EB2,3ENM
942 ## - Elementos de entrada adicionados (Koha)
Tipo de item no Koha Livro
Exemplares
Situação do levantamento Origin of item (home branch) (coded) Biblioteca de empréstimo Código de barras Cota Circulation type (not for loan) Tipo de documento Nota do exemplar Damaged status
  Biblioteca Escolar Eng. Nuno Mergulhão Biblioteca Escolar Eng. Nuno Mergulhão BENM3559 79 ARM   Livro Sem mensagem